| 000 | 00637nam a2200217 a 4500 | ||
|---|---|---|---|
| 999 |
_c3695 _d3695 |
||
| 001 | 3695 | ||
| 003 | BD-JhCC | ||
| 005 | 20171116180646.0 | ||
| 008 | 171116s2008 b ||||| |||| 00| 0 b d | ||
| 020 | _a9847000601308 | ||
| 035 | _a(BD-JhCC) | ||
| 040 |
_aBD-JhCC _dBD-JhCC |
||
| 041 | _aben | ||
| 082 |
_a891.4415 _bSAB 2008 |
||
| 100 | _aসবুজ, উদ্দিন, শরীফ | ||
| 245 |
_aপাললিক / _cশরীফ উদ্দিন সবুজ |
||
| 260 |
_aঢাকা : _bআগামী প্রকাশনী, _c২০০৮ |
||
| 300 |
_a71 p. : _c22cm. |
||
| 650 | _aBengali Novel | ||
| 942 |
_2ddc _cBK |
||